| 000 | 00409cam a22001337a 4500 | ||
|---|---|---|---|
| 008 | 180718b1959 xxu||||| |||| 00| 0 eng d | ||
| 082 | _aK83x54 K95 | ||
| 245 |
_aHow to dismiss your employees in industrial undertakings _cedited by Ram Krishna Kuba |
||
| 260 |
_aDelhi _bKuba _c1959 |
||
| 300 | _a145p. | ||
| 500 | _aRs.15.00 | ||
| 650 | _aPersonnel management - Dismissal - India | ||
| 700 | _aKuba, Ram Krishna | ||
| 999 |
_c369820 _d369820 |
||